Principaux arbitres de ligue 1 depuis 2013 - Statistiques

Statistiques générales
  • Ce quiz a été pris 75 fois
  • Le résultat moyen est 6 sur 28
Statistiques - réponses
Hint Réponse % Correct
B.B Benoît Bastien
83%
C.T Clément Turpin
76%
F.L François Letexier
57%
T.C Tony Chapron
44%
B.M Benoît Millot
43%
R.B Ruddy Buquet
41%
W.D Willy Delajod
40%
J.B Jérôme Brisard
30%
G.A Gael Angoula
27%
A.G Antony Gautier
19%
H.B Hakim Ben El Hadj
17%
A.D Amaury Delerue
16%
W.B Wilfried Bien
16%
J.H Johan Hamel
14%
N.R Nicolas Rainville
14%
M.L Mikael Lesage
13%
B.D Bastien Dechepy
11%
S.E Said Ennjimi
11%
S.D Sébastien Desiage
11%
S.L Stéphane Lannoy
10%
B.V Bartolomeu Varela
8%
F.S Frank Schneider
8%
F.F Fredy Fautrel
6%
L.J Lionel Jaffredo
5%
A.C Alexandre Castro
3%
J.M Jérôme Miguelgorry
3%
M.B Marc Bollengier
2%
S.J Stéphane Jochem
2%
Aucun quiz correspondant
Distribution des résultats
% des personnes avec chaque résultat
Percentile par nombre de réponses
Votre historique - résultats
Vous n’avez pas pris ce quiz